Normal view
MARC view
Entry Personal Name
001 - CONTROL NUMBER
- control field: 167740
003 - CONTROL NUMBER IDENTIFIER
- control field: OSt
005 - DATE AND TIME OF LATEST TRANSACTION
- control field: 20220923224022.0
008 - FIXED-LENGTH DATA ELEMENTS
- fixed length control field: 220923|| aca||aabn | a|a d
040 ## - CATALOGING SOURCE
- Original cataloging agency: OSt
- Transcribing agency: OSt
100 ## - HEADING--PERSONAL NAME
- Personal name: थ्योंगो, न्गुगाी वा; वर्मा, आनंदस्वरूप, संपा
670 ## - SOURCE DATA FOUND
- Source citation: Work cat.: (OSt)368698: थ्योंगो, न्गुगाी वा; वर्मा, आनंदस्वरूप, संपा., औपनिवेशिक मानसिकता से मुक्ति, 1999
